[Event "Berlin Eckbauer op 17th"]
[Site "Berlin"]
[Date "2014.10.27"]
[Round "3"]
[White "Semmelroth, Heinz Dieter"]
[Black "Exner, Roland"]
[Result "1/2-1/2"]
[WhiteElo "1928"]
[BlackElo "1904"]
[PlyCount "80"]
[EventDate "2014.10.06"]
[EventType "swiss"]
[EventRounds "7"]
[EventCountry "GER"]
[SourceTitle "EXT 2022"]
[Source "ChessBase"]
[SourceDate "2021.10.06"]
[SourceVersion "1"]
[SourceVersionDate "2021.10.06"]
[SourceQuality "1"]

1. c4 Nf6 2. Nc3 g6 3. g3 Bg7 4. Bg2 0-0 5. Nf3 d6 6. 0-0 e5 7. d3 Nc6 8. Bg5 h6 9. Bd2 Bg4 10. Rb1 a5 11. a3 Qd7 12. Qc1 Kh7 13. b4 axb4 14. axb4 Nd4 15. Re1 Nxf3+ 16. exf3 Bf5 17. Ne4 Bxe4 18. fxe4 Ra2 19. Rf1 Nh5 20. Rb2 Rfa8 21. b5 Qc8 22. Qc2 Ra1 23. Rfb1 b6 24. Qd1 Rxb1 25. Rxb1 Ra2 26. Be3 Qa8 27. Qg4 Qe8 28. Qh4 Ra3 29. Rd1 c5 30. bxc6 Qxc6 31. Bf3 Nf6 32. g4 Nd7 33. Bxh6 Bxh6 34. g5 b5 35. Qxh6+ Kg8 36. cxb5 Qxb5 37. Be2 Nc5 38. Qh3 Ne6 39. Rc1 Ra8 40. Bf1 Qb6 1/2-1/2

[Event "Berlin Lichtenberger op 13th"]
[Site "Berlin"]
[Date "2014.08.23"]
[Round "8"]
[White "Junge, Wolfgang"]
[Black "Exner, Roland"]
[Result "1/2-1/2"]
[WhiteElo "1848"]
[BlackElo "1908"]
[PlyCount "43"]
[EventDate "2014.08.16"]
[EventType "swiss"]
[EventRounds "9"]
[EventCountry "GER"]
[SourceTitle "CBM 161 Extra"]
[Source "ChessBase"]
[SourceDate "2014.08.29"]
[SourceVersion "1"]
[SourceVersionDate "2014.08.29"]
[SourceQuality "1"]

1. d4 Nf6 2. c4 g6 3. Nc3 Bg7 4. e4 d6 5. f4 0-0 6. Nf3 c5 7. d5 b5 8. cxb5 a6 9. bxa6 Qa5 10. Bd2 Bxa6 11. Bxa6 Qxa6 12. Qe2 Nfd7 13. Qxa6 Nxa6 14. 0-0 f5 15. exf5 Rxf5 16. g4 Rff8 17. Rfe1 Rfe8 18. Ng5 Nb4 19. Re2 Bxc3 20. Bxc3 Nxd5 21. Ne6 Ra7 22. Be1 1/2-1/2

[Event "Berlin Lichtenberger op 13th"]
[Site "Berlin"]
[Date "2014.08.18"]
[Round "3"]
[White "Exner, Roland"]
[Black "Moeller, Dirk Halvard"]
[Result "1-0"]
[WhiteElo "1908"]
[BlackElo "1624"]
[PlyCount "71"]
[EventDate "2014.08.16"]
[EventType "swiss"]
[EventRounds "9"]
[EventCountry "GER"]
[SourceTitle "CBM 161 Extra"]
[Source "ChessBase"]
[SourceDate "2014.08.29"]
[SourceVersion "1"]
[SourceVersionDate "2014.08.29"]
[SourceQuality "1"]

1. d4 f5 2. g3 Nf6 3. Bg2 e6 4. Nf3 d6 5. c4 Be7 6. Nc3 Bd7 7. 0-0 0-0 8. Re1 c6 9. e4 fxe4 10. Nxe4 Na6 11. Neg5 Nc7 12. h4 Qe8 13. Qd3 Qg6 14. Qxg6 hxg6 15. Bd2 Nh5 16. Re2 Rae8 17. Rae1 Bd8 18. Ne4 Be7 19. Neg5 Bd8 20. Bh3 Re7 21. Kg2 Rfe8 22. b3 c5 23. dxc5 dxc5 24. Ne5 Bc6+ 25. Kh2 Nf6 26. Bc3 Na6 27. Nxg6 Rc7 28. Rxe6 Bd7 29. Rxe8+ Nxe8 30. Bxd7 Bxg5 31. Rxe8+ Kh7 32. Nf8+ Kh6 33. hxg5+ Kh5 34. Bd2 Nb4 35. g4+ Kh4 36. Ng6# 1-0

[Event "Berlin op 08"]
[Site "Berlin"]
[Date "2006.08.27"]
[Round "9"]
[White "Schrodt, Horst"]
[Black "Exner, Roland"]
[Result "1/2-1/2"]
[WhiteElo "1574"]
[BlackElo "1788"]
[PlyCount "110"]
[EventDate "2006.08.19"]
[EventType "swiss"]
[EventRounds "9"]
[EventCountry "GER"]
[SourceTitle "EXT 2007"]
[Source "ChessBase"]
[SourceDate "2006.11.23"]
[SourceVersion "1"]
[SourceVersionDate "2006.11.23"]
[SourceQuality "1"]

1. d4 Nf6 2. c4 g6 3. Nf3 Bg7 4. Nc3 0-0 5. Bf4 c5 6. d5 d6 7. e4 b5 8. cxb5 Qa5 9. Bd2 a6 10. Qc2 axb5 11. Nxb5 Qb6 12. Be2 Ba6 13. Nc3 Bxe2 14. Nxe2 Na6 15. 0-0 Rfb8 16. Rab1 Nb4 17. Bxb4 Qxb4 18. Nc3 Nd7 19. a3 Qa5 20. Nd2 Rb7 21. Nc4 Qa6 22. Nd1 Rab8 23. b4 cxb4 24. Rxb4 Rxb4 25. axb4 Rc8 26. Nde3 Ne5 27. b5 Qxb5 28. Na3 Qa6 29. Qb3 Nd3 30. Nec4 Nc5 31. Qb1 Na4 32. Kh1 Bf6 33. g3 Rxc4 34. Nxc4 Qxc4 35. f3 Nc3 36. Qe1 Qd3 37. Kg2 Bd4 38. g4 Ne2 39. Qd1 Nf4+ 40. Kg3 Be5 41. Qxd3 Nxd3+ 42. Kg2 Kg7 43. Rd1 Nf4+ 44. Kf2 Kf6 45. Rh1 e6 46. dxe6 fxe6 47. h4 h6 48. Ke3 d5 49. exd5 exd5 50. Rh2 d4+ 51. Ke4 Ne6 52. Rg2 Nc5+ 53. Kd5 Nd3 54. Rg1 Nf4+ 55. Ke4 Ne6 1/2-1/2

[Event "Berlin op 04"]
[Site "Berlin"]
[Date "2006.04.23"]
[Round "9"]
[White "Exner, Roland"]
[Black "Jaeger, Andre"]
[Result "1-0"]
[WhiteElo "1760"]
[BlackElo "1989"]
[PlyCount "65"]
[EventDate "2006.04.14"]
[EventType "swiss"]
[EventRounds "9"]
[EventCountry "GER"]
[SourceTitle "EXT 2007"]
[Source "ChessBase"]
[SourceDate "2006.11.23"]
[SourceVersion "1"]
[SourceVersionDate "2006.11.23"]
[SourceQuality "1"]

1. d4 Nf6 2. Nf3 g6 3. c4 Bg7 4. Nc3 0-0 5. e4 d6 6. Be2 Na6 7. 0-0 e5 8. Bg5 h6 9. Be3 Ng4 10. Bc1 Qe8 11. h3 Nf6 12. dxe5 dxe5 13. Be3 Nd7 14. Rb1 f5 15. exf5 gxf5 16. Nh4 Nf6 17. b4 f4 18. Bc1 Be6 19. Qc2 Nh7 20. Bd3 Ng5 21. Bg6 Qc8 22. Nd5 Bxd5 23. cxd5 Nxh3+ 24. Kh2 Ng5 25. b5 f3 26. Bf5 fxg2 27. Kxg2 Qd8 28. bxa6 Qxd5+ 29. f3 Qd4 30. Bxg5 hxg5 31. Be6+ Rf7 32. Bxf7+ Kxf7 33. Qg6+ 1-0

[Event "Berlin op 04"]
[Site "Berlin"]
[Date "2006.04.22"]
[Round "8"]
[White "Von Loehneysen, Leonard"]
[Black "Exner, Roland"]
[Result "1-0"]
[WhiteElo "1980"]
[BlackElo "1760"]
[PlyCount "111"]
[EventDate "2006.04.14"]
[EventType "swiss"]
[EventRounds "9"]
[EventCountry "GER"]
[SourceTitle "EXT 2007"]
[Source "ChessBase"]
[SourceDate "2006.11.23"]
[SourceVersion "1"]
[SourceVersionDate "2006.11.23"]
[SourceQuality "1"]

1. c4 Nf6 2. Nc3 g6 3. g3 Bg7 4. Bg2 0-0 5. e4 d6 6. Nge2 c5 7. 0-0 Nc6 8. d3 Ne8 9. Rb1 Nc7 10. a3 a5 11. Nd5 Ne6 12. b4 Ncd4 13. bxc5 Nxc5 14. Be3 Nce6 15. f4 f5 16. exf5 Nxf5 17. Bb6 Qe8 18. Qd2 a4 19. Kh1 Bd7 20. Nb4 Bc6 21. Nxc6 bxc6 22. d4 Kh8 23. d5 Nd8 24. Bxd8 Qxd8 25. dxc6 Bf6 26. g4 Nh4 27. Bd5 Qc8 28. g5 Bg7 29. Nd4 Qh3 30. Be6 Qxa3 31. c7 Qc5 32. Bd5 Bxd4 33. Bxa8 Rxa8 34. Rb8+ Kg7 35. c8Q Rxb8 36. Qxc5 Bxc5 37. Qc2 a3 38. Rb1 Ra8 39. Qc3+ Kg8 40. h3 Nf5 41. Qf3 Rf8 42. Ra1 Nd4 43. Qd5+ e6 44. Qe4 Re8 45. Rxa3 Bxa3 46. Qxd4 Bc5 47. Qf6 Bb4 48. h4 Bc5 49. Kg2 Bb4 50. Kg3 Bc5 51. Kg4 Bb6 52. h5 gxh5+ 53. Kxh5 Bd8 54. Qd4 Be7 55. Qe4 Bd8 56. Qc6 1-0

[Event "Berlin op 08"]
[Site "Berlin"]
[Date "2002.08.22"]
[Round "6"]
[White "Eberlein, Johann"]
[Black "Exner, Roland"]
[Result "1-0"]
[WhiteElo "1264"]
[BlackElo "1760"]
[PlyCount "113"]
[EventDate "2002.08.17"]
[EventType "swiss"]
[EventRounds "9"]
[EventCountry "GER"]
[SourceTitle "EXT 2007"]
[Source "ChessBase"]
[SourceDate "2006.11.23"]
[SourceVersion "1"]
[SourceVersionDate "2006.11.23"]
[SourceQuality "1"]

1. d4 Nf6 2. c4 g6 3. Nf3 Bg7 4. e3 0-0 5. Be2 d6 6. 0-0 c6 7. Qc2 Nbd7 8. b3 Re8 9. Bb2 e5 10. dxe5 dxe5 11. Rd1 Qc7 12. Nc3 Nc5 13. e4 Bg4 14. Ne1 Bf8 15. f3 Qb6 16. Kh1 Be6 17. Ba3 a5 18. Bb2 Nfd7 19. Nd3 Nxd3 20. Bxd3 Nc5 21. Bc1 Red8 22. Be3 Qc7 23. Be2 f6 24. Rxd8 Rxd8 25. Rd1 Na6 26. Rxd8 Qxd8 27. Qd3 Qxd3 28. Bxd3 Nc5 29. Bc2 Bf7 30. Kg1 Ne6 31. Ne2 Bc5 32. Bxc5 Nxc5 33. Nc3 Kf8 34. Kf2 Ke7 35. Ke3 Kd6 36. Bd1 Ne6 37. Ne2 Kc5 38. Kd3 Kb4 39. Kc2 a4 40. Kb2 axb3 41. axb3 Nc5 42. Bc2 Ne6 43. Bd3 Nc5 44. Bc2 b5 45. cxb5 cxb5 46. Nc1 h6 47. Nd3+ Nxd3+ 48. Bxd3 Kc5 49. Kc3 b4+ 50. Kc2 Kd4 51. Bf1 Ke3 52. Bc4 Bxc4 53. bxc4 Kd4 54. Kb3 Kc5 55. g4 h5 56. gxh5 gxh5 57. h4 1-0

[Event "Berlin op 08"]
[Site "Berlin"]
[Date "2002.08.20"]
[Round "4"]
[White "Tobi, Kurt"]
[Black "Exner, Roland"]
[Result "1/2-1/2"]
[WhiteElo "1617"]
[BlackElo "1760"]
[PlyCount "42"]
[EventDate "2002.08.17"]
[EventType "swiss"]
[EventRounds "9"]
[EventCountry "GER"]
[SourceTitle "EXT 2007"]
[Source "ChessBase"]
[SourceDate "2006.11.23"]
[SourceVersion "1"]
[SourceVersionDate "2006.11.23"]
[SourceQuality "1"]

1. e4 e6 2. d4 d5 3. Nd2 Nf6 4. Bd3 c5 5. c3 dxe4 6. Nxe4 cxd4 7. cxd4 Nc6 8. Nf3 Be7 9. 0-0 Qb6 10. b3 Bd7 11. Bb2 0-0 12. Rc1 Nb4 13. Nxf6+ Bxf6 14. Bb1 Rac8 15. Qd2 Nd5 16. Rxc8 Rxc8 17. Rc1 Rxc1+ 18. Qxc1 Qc6 19. Qxc6 Bxc6 20. Ne5 Bb5 21. g3 g6 1/2-1/2

[Event "Berlin op 08"]
[Site "Berlin"]
[Date "2002.08.18"]
[Round "2"]
[White "Krawczyk, Harald"]
[Black "Exner, Roland"]
[Result "0-1"]
[WhiteElo "1571"]
[BlackElo "1760"]
[PlyCount "54"]
[EventDate "2002.08.17"]
[EventType "swiss"]
[EventRounds "9"]
[EventCountry "GER"]
[SourceTitle "EXT 2007"]
[Source "ChessBase"]
[SourceDate "2006.11.23"]
[SourceVersion "1"]
[SourceVersionDate "2006.11.23"]
[SourceQuality "1"]

1. e4 e6 2. d4 d5 3. Nc3 Bb4 4. e5 c5 5. Qg4 Ne7 6. a3 Bxc3+ 7. bxc3 0-0 8. Nf3 f5 9. exf6 Rxf6 10. Ne5 Nbc6 11. f4 cxd4 12. cxd4 Nxd4 13. Bd3 Nef5 14. 0-0 Qb6 15. Kh1 Qc7 16. Rf2 Bd7 17. Qh3 Rh6 18. Qg4 Rf8 19. Kg1 Be8 20. Qd1 Nc6 21. Bb2 Ne3 22. Qe1 Qb6 23. Rb1 Qc5 24. Kh1 Nxe5 25. Bxe5 Ng4 26. Rxb7 Bf7 27. Rf3 Nxh2 0-1

[Event "Berlin Kreuzberg op 3th"]
[Site "Berlin"]
[Date "2002.07.12"]
[Round "5"]
[White "Exner, Roland"]
[Black "Berger, Gerd Helmar"]
[Result "0-1"]
[WhiteElo "1754"]
[BlackElo "2051"]
[PlyCount "46"]
[EventDate "2002.07.06"]
[EventType "swiss"]
[EventRounds "9"]
[EventCountry "GER"]
[SourceTitle "EXT 2022"]
[Source "ChessBase"]
[SourceDate "2021.10.06"]
[SourceVersion "1"]
[SourceVersionDate "2021.10.06"]
[SourceQuality "1"]

1. d4 d6 2. c4 Nf6 3. Nc3 Bf5 4. Nf3 g6 5. g3 Bg7 6. Bg2 c6 7. 0-0 Ne4 8. Qb3 Nxc3 9. bxc3 Qc7 10. Bf4 e5 11. Bg5 0-0 12. Nh4 Be6 13. d5 Bd7 14. e4 Na6 15. Be3 cxd5 16. cxd5 b6 17. Qa3 Nc5 18. Rac1 Rfc8 19. c4 Qd8 20. Qc3 Nb7 21. Rfe1 Rc7 22. Bf3 f5 23. Qd2 f4 0-1

[Event "Berlin Kreuzberg op 3th"]
[Site "Berlin"]
[Date "2002.07.06"]
[Round "1"]
[White "Exner, Roland"]
[Black "Schmidt, Peter"]
[Result "0-1"]
[WhiteElo "1754"]
[BlackElo "2144"]
[PlyCount "144"]
[EventDate "2002.07.06"]
[EventType "swiss"]
[EventRounds "9"]
[EventCountry "GER"]
[SourceTitle "EXT 2022"]
[Source "ChessBase"]
[SourceDate "2021.10.06"]
[SourceVersion "1"]
[SourceVersionDate "2021.10.06"]
[SourceQuality "1"]

1. d4 g6 2. c4 Bg7 3. Nc3 c6 4. Nf3 d6 5. e4 a6 6. g3 b5 7. cxb5 axb5 8. Bg2 b4 9. Ne2 Nf6 10. Qc2 b3 11. Qxb3 Nxe4 12. 0-0 0-0 13. Ng5 Nf6 14. Nf4 d5 15. Bd2 h6 16. Nf3 Ne4 17. Bb4 Ba6 18. Rfe1 Bc4 19. Qc2 Na6 20. Ba3 Bb5 21. Ne5 Qb6 22. Rad1 Bxe5 23. dxe5 Nac5 24. Bxe4 Nxe4 25. Bxe7 Rxa2 26. Rxe4 dxe4 27. Bc5 Qa6 28. Nxg6 Bd3 29. Ne7+ Kh7 30. Qc1 Qc4 31. Qxc4 Bxc4 32. Ba3 Re8 33. Nxc6 Ra8 34. Kg2 R8xa3 35. bxa3 Rxa3 36. h4 Ra2 37. Re1 Bd5 38. Ne7 Ba8 39. Re3 Kg7 40. Nc8 Ra5 41. Nb6 Bc6 42. e6 fxe6 43. g4 Ra6 44. Nc4 Kf6 45. Kg3 Bd5 46. Nd2 Ra4 47. Re1 Rd4 48. Nf1 Rd3+ 49. Ne3 Ke5 50. Ra1 Rb3 51. g5 hxg5 52. hxg5 Rb7 53. Rh1 Rg7 54. Kg4 Bc6 55. Rh8 Bb5 56. Kh5 Rc7 57. g6 Be2+ 58. Kh6 Rc1 59. Rf8 Rh1+ 60. Kg7 Bh5 61. Rb8 Kf4 62. Rf8+ Kg5 63. Rf6 Ra1 64. Rxe6 Ra7+ 65. Kg8 Bxg6 66. Rd6 Ra2 67. Nd1 Bh5 68. Rd5+ Kh6 69. Rd6+ Bg6 70. Rd8 Ra7 71. Nc3 Rg7+ 72. Kh8 Rf7 0-1

[Event "Bad Woerishofen op 12th"]
[Site "Bad Woerishofen"]
[Date "1996.??.??"]
[Round "8"]
[White "Exner, Roland"]
[Black "Weisshaupt, Rainer"]
[Result "0-1"]
[WhiteElo "1725"]
[BlackElo "2100"]
[PlyCount "30"]
[EventDate "1996.03.08"]
[EventType "swiss"]
[EventRounds "9"]
[EventCountry "GER"]
[SourceTitle "EXT 1997"]
[Source "ChessBase"]
[SourceDate "1996.11.15"]
[SourceVersion "1"]
[SourceVersionDate "1996.11.15"]
[SourceQuality "1"]

1. d4 Nf6 2. c4 e5 3. dxe5 Ne4 4. Nf3 Bb4+ 5. Bd2 Nxd2 6. Nbxd2 Nc6 7. a3 Bxd2+ 8. Qxd2 b6 9. e3 Bb7 10. Be2 Qe7 11. Qc3 0-0-0 12. 0-0 Rhe8 13. Rfd1 Nxe5 14. Nxe5 Qxe5 15. Qxe5 Rxe5 0-1